000 00644nam a2200205Ia 4500
001 71643
008 160401s9999 xx 000 0 und d
020 _a9781462515974
040 _cPK-LaUMT
082 _a 616.89156
_bWIL-C
100 _aWilliams, Lee
245 _aClinician's guide to research methods in family therapy
_bfoundations of evidence-based practice
_cWilliams, Lee|Patterson, JoEllen|Edwards, Todd M.
260 _aNew York,USA:
_bThe Guilford Press,
_c2014
300 _a298 p.
546 _aEN
650 _aFamily psychotheraphy-Methodology
700 _aEdwards, Todd M.
700 _aPatterson, JoEllen
942 _cBK
999 _c84650
_d84650